La vida de Lazarillo de Tormes: y de sus fortunas y adversidades

Furkejuvvon:
Bibliográfalaš dieđut
Váldodahkki: Anónimo
Materiálatiipa: Girji
Giella:Spanish
Almmustuhtton: Perú Ediciones Nuevo Mundo 1959
Fáttát:
Fáddágilkorat: Lasit fáddágilkoriid
Eai fáddágilkorat, Lasit vuosttaš fáddágilkora!

MARC

LEADER 00000nam a2200000Ia 4500
008 170316s9999 xx 000 0 spa d
999 |c 9410  |d 9410 
040 |a cru BVZT 
090 |a 862 A-28v 
100 |a Anónimo 
245 |a La vida de Lazarillo de Tormes: y de sus fortunas y adversidades 
260 |a Perú 
260 |b Ediciones Nuevo Mundo 
260 |c 1959 
300 |a 99 páginas 
650 |a LITERATURA ESPAÑOLA  |9 23 
650 |a NOVELA PICARESCA 
942 |c SALA  |h 862 A-28v  |2 z